China's capital markets /

Bibliographic Details
Main Author: Zhen, Yong.
Format: eBook
Language:English
Published: Philadelphia, PA : Woodhead Pub., 2013.
Series:Chandos Asian studies series ; no. 52.
Subjects:
Online Access:Click to View
LEADER 01676nam a2200421 i 4500
001 EBC1581389
003 MiAaPQ
005 20200520144314.0
006 m o d |
007 cr cnu||||||||
008 130923s2013 pauad ob 001 0 eng|d
020 |z 9781843346975 
020 |a 9781780633602  |q (electronic bk.) 
035 |a (MiAaPQ)EBC1581389 
035 |a (Au-PeEL)EBL1581389 
035 |a (CaPaEBR)ebr10815586 
035 |a (CaONFJC)MIL548980 
035 |a (OCoLC)866444574 
040 |a MiAaPQ  |b eng  |e rda  |e pn  |c MiAaPQ  |d MiAaPQ 
043 |a a-cc--- 
050 4 |a HG5782  |b .Z44 2013 
100 1 |a Zhen, Yong. 
245 1 0 |a China's capital markets /  |c Yong Zhen. 
264 1 |a Philadelphia, PA :  |b Woodhead Pub.,  |c 2013. 
300 |a 1 online resource (293 pages) :  |b illustrations. 
336 |a text  |2 rdacontent 
337 |a computer  |2 rdamedia 
338 |a online resource  |2 rdacarrier 
490 1 |a Chandos Asian studies ;  |v number 52 
504 |a Includes bibliographical references and index. 
588 |a Description based on print version record. 
590 |a Electronic reproduction. Ann Arbor, MI : ProQuest, 2015. Available via World Wide Web. Access may be limited to ProQuest affiliated libraries. 
650 0 |a Capital market  |z China. 
655 4 |a Electronic books. 
776 0 8 |i Print version:  |a Zhen, Yong.  |t China's capital markets.  |d Philadelphia, PA : Woodhead Pub., 2013  |h xx, 262 pages  |k Chandos Asian studies ; no. 52  |z 9781843346975  |w (DLC)17895301 
797 2 |a ProQuest (Firm) 
830 0 |a Chandos Asian studies series ;  |v no. 52. 
856 4 0 |u https://ebookcentral.proquest.com/lib/matrademy/detail.action?docID=1581389  |z Click to View